High Speed Technology and Construction of the Accuracy Generation of Machine Tools

Bibliographic Details
Main Authors: Petrů, Jana (Author), Brychta, Josef (Author), Dupala, Ondrej (Author), Cep, Robert (Author)
Format: Article
Language:English

MARC

LEADER 00000nab a2200000ua 4500
001 vtls010835053
003 SK-MaSNL
005 20260303144409.0
008 230222s2012 xo |||||||||||||||||eng|
035 |a (urnnbn)urn:nbn:sk:snk:ar-a06pv1 
035 |a urn:nbn:sk:snk-ab5z3o 
035 |a (uuid)17abccd2-73ad-4971-b68c-87c48179b5f2 
040 |a SNKBUCL  |b slo  |c SNKBUCL  |e AACR2 
041 0 |a eng 
044 |a xo  |c SK 
100 1 |a Petrů, Jana  |4 aut  |9 728507 
245 1 0 |a High Speed Technology and Construction of the Accuracy Generation of Machine Tools  |c Jana Petrů, Josef Brychta, Ondrej Dupala, Robert Cep 
700 1 |a Brychta, Josef  |4 aut  |9 537996 
700 1 |a Dupala, Ondrej  |4 aut  |9 1165851 
700 1 |a Cep, Robert  |4 aut  |9 474656 
773 0 |t Výrobné inžinierstvo  |g Roč. 11, č. 3 (2012), s. 5-7 
958 |a OND 
958 |a EUIPO 
958 |a article5 
999 |c 1997236  |d 1999166